Lending to individuals (Record no. 117974)
[ view plain ]
| 000 -LEADER | |
|---|---|
| fixed length control field | 01216cam a2200217 4500 |
| 001 - CONTROL NUMBER | |
| control field | WB@3612-328 |
| 008 - FIXED-LENGTH DATA ELEMENTS--GENERAL INFORMATION | |
| fixed length control field | 040908n2004 000 0 eng u |
| 035 ## - SYSTEM CONTROL NUMBER | |
| System control number | (Sirsi) u127294 |
| 245 ## - TITLE STATEMENT | |
| Title | Lending to individuals |
| 260 ## - PUBLICATION, DISTRIBUTION, ETC. | |
| Date of publication, distribution, etc. | 2004 |
| 490 ## - SERIES STATEMENT | |
| Series statement | Bank of England Statistical Release |
| Volume/sequential designation | (July 2004) 31 August 2004 (5) |
| 520 ## - SUMMARY, ETC. | |
| Summary, etc. | The Bank of England has released "Lending to individuals: July 2004". It shows that total lending to individuals grew by £10.4bn or 1% in July 2004. This was £1.1bn weaker than the increase in June 2004. Secured lending grew by £8.6bn or 1%. The value of all loans approved was £23.9bn and the number of loans approved for house purchase in July was 97 000, compared with the average of 119 000 in the previous three months to June 2004. Consumer credit grew by £1.8bn or 1% which was £0.4bn weaker than the increase in June. The full statistical release is available at: http://www.bankofengland.co.uk/mfsd/li/040831/lend ind.pdf. http://www.bankofengland.co.uk/Links/setframe.html |
| 590 ## - LOCAL NOTE (RLIN) | |
| Local note | WB |
| 590 ## - LOCAL NOTE (RLIN) | |
| Local note | WB |
| 650 ## - SUBJECT ADDED ENTRY--TOPICAL TERM | |
| Topical term or geographic name entry element | MORTGAGE LENDING |
| 650 ## - SUBJECT ADDED ENTRY--TOPICAL TERM | |
| Topical term or geographic name entry element | BANK LENDING |
| 650 ## - SUBJECT ADDED ENTRY--TOPICAL TERM | |
| Topical term or geographic name entry element | STATISTICS |
| 650 ## - SUBJECT ADDED ENTRY--TOPICAL TERM | |
| Topical term or geographic name entry element | CONSUMER CREDIT |
| 690 ## - LOCAL SUBJECT ADDED ENTRY--TOPICAL TERM (OCLC, RLIN) | |
| Topical term or geographic name as entry element | FINANCE |
| 942 ## - ADDED ENTRY ELEMENTS (KOHA) | |
| Suppress in OPAC | 0 |
| Withdrawn status | Lost status | Source of classification or shelving scheme | Damaged status | Not for loan | Home library | Current library | Shelving location | Date acquired | Total Checkouts | Full call number | Barcode | Date last seen | Copy number | Price effective from | Koha item type |
|---|---|---|---|---|---|---|---|---|---|---|---|---|---|---|---|
| Dewey Decimal Classification | London | London | News article | 08/09/2004 | WB403411 | 127294-1001 | 06/08/2019 | 1 | 06/08/2019 | News article |